|
|
|
|
| LEADER |
00982nam a2200217 i 4500 |
| 003 |
GR-PaULI |
| 005 |
20230609090900.0 |
| 008 |
160920s1998 gr ||||g |||| 000 1 gre d |
| 952 |
|
|
|0 0
|1 0
|2 ddc
|4 0
|6 864_000000000000000_LOR
|7 0
|9 327494
|a LISP
|b LISP
|c DON
|d 2021-08-05
|e ΠΑΤ
|i 146587
|l 0
|o 864 LOR
|p 025000272867
|r 2021-08-05 00:00:00
|t 1
|v 2021.00
|w 2021-08-05
|y BKN
|
| 999 |
|
|
|c 183654
|d 183654
|
| 020 |
|
|
|a 9600507864
|
| 040 |
|
|
|a GR-PaULI
|b gre
|c GR-PaULI
|e AARC2
|
| 041 |
1 |
|
|a gre
|h spa
|
| 082 |
0 |
4 |
|2 23
|a 864
|
| 100 |
1 |
|
|a Garcia Lorca, Federico,
|d 1898-1936
|e συγγραφέας.
|9 7998
|
| 245 |
1 |
0 |
|a Ντουέντε :
|b (ρόλος και θεωρία) /
|c Φεντερίκο Γκαρθία Λόρκα ; μετάφραση Ολυμπίας Καράγιωργα.
|
| 260 |
|
|
|a [Αθήνα] :
|b Εστία,
|c 1998.
|
| 300 |
|
|
|a π. 37 σ. ;
|c 21 εκ.
|
| 700 |
1 |
|
|9 149152
|a Καράγιωργα, Ολυμπία,
|d 1934-
|e μεταφράστρια.
|
| 942 |
|
|
|2 ddc
|c BKN
|
| 998 |
|
|
|c ΒΑΣΙΛΕΙΟΥ
|d 2021-08
|